Govt. of
Madhya Pradesh

Sat 2 chemistry (Record no. 32332)

MARC details
000 -LEADER
fixed length control field 004340000a22001810004500
003 - CONTROL NUMBER IDENTIFIER
control field MACL
005 - DATE AND TIME OF LATEST TRANSACTION
control field 20160124113913.0
008 - FIXED-LENGTH DATA ELEMENTS--GENERAL INFORMATION
fixed length control field 160124b xxu||||| |||| 00| 0 eng d
040 ## - CATALOGING SOURCE
Original cataloging agency MACL
Transcribing agency MACL
041 ## - LANGUAGE CODE
Language code of text/sound track or separate title English
082 ## - DEWEY DECIMAL CLASSIFICATION NUMBER
Classification number 540/MAS
100 ## - MAIN ENTRY--PERSONAL NAME
Personal name Galgotia
9 (RLIN) 33388
245 ## - TITLE STATEMENT
Title Sat 2 chemistry
260 ## - PUBLICATION, DISTRIBUTION, ETC. (IMPRINT)
Name of publisher, distributor, etc. Galgotia Publications
Date of publication, distribution, etc. 1998
Place of publication, distribution, etc. New Delhi
350 ## - PRICE (NR) (BK AM CF MU VM SE) [OBSOLETE]
Price 150
650 ## - SUBJECT ADDED ENTRY--TOPICAL TERM
Topical term or geographic name as entry element Chemistry
9 (RLIN) 34398
942 ## - ADDED ENTRY ELEMENTS (KOHA)
Koha item type Books
Call number prefix 540/Mas
Source of classification or shelving scheme
Holdings
Withdrawn status Lost status Source of classification or shelving scheme Damaged status Not for loan Home library Current library Date acquired Cost, normal purchase price Total Checkouts Total Renewals Full call number Barcode Date last seen Date last checked out Uniform Resource Identifier Price effective from Koha item type
          MACL MACL 15/04/2015 150.00 1 1 540/MAS CLC001231 10/09/2015 07/08/2015 32387 15/04/2015 Books